000 00530nam a22001817a 4500
003 NUST - PNEC
005 20170116180946.0
008 150907b xxu||||| |||| 00| 0 eng d
020 _a0070039615
020 _a0070036923
040 _cLIBRARY
082 _a621.381548 BAR
100 _98949
_aBartlett, Eugene R.
245 _aElectronic measurements and testing : tips and techniques for technicians and engineers
_cBartlett, Eugene R.
260 _cc.1992
650 _98955
_aElectric measurements
_xEE
942 _2ddc
_cBK
999 _c66286
_d66286